Basel II ako prvok medzinárodnej regulácie bankového sektora

Komerčné banky ako podnikateľské subjekty. Riziká súvisiace so situáciou na finančných trhoch. Vlastné a cudzie zdroje financovania komerčných bánk. Otázky kapitálovej primeranosti. Potreba dozoru nad činnosťou bánk. Regulácia finančného systému. Smernica BASEL II a jej odporúčací charakter pre bank...

Celý popis

Uložené v:
Podrobná bibliografia
Hlavný autor: Korduliak, Peter
Médium: Kapitola
Jazyk:Slovak
Predmet:
Tagy: Pridať tag
Žiadne tagy, Buďte prvý, kto otaguje tento záznam!

MARC

LEADER 00000nla$a2200000$$$4500
001 0110767
005 20240502072226.9
041 0 |a slo 
044 |a SK 
245 1 0 |a Basel II ako prvok medzinárodnej regulácie bankového sektora  |c Peter Korduliak 
520 |a Komerčné banky ako podnikateľské subjekty. Riziká súvisiace so situáciou na finančných trhoch. Vlastné a cudzie zdroje financovania komerčných bánk. Otázky kapitálovej primeranosti. Potreba dozoru nad činnosťou bánk. Regulácia finančného systému. Smernica BASEL II a jej odporúčací charakter pre bankový sektor. 
610 2 0 |a banky obchodné 
610 2 0 |a riziko bankové 
610 2 0 |a primeranosť kapitálová 
610 2 0 |a dohľad bankový 
610 2 0 |a regulácia 
610 2 0 |a smernice 
100 1 |a Korduliak, Peter